01933nam a2200265Ia 4500003000400000005001700004008004100021020001800062040001800080041000800098082002600106245008500132250001200217260004200229300002900271500095500300650005101255650003001306650004001336700003301376700003501409942003501444999001901479952016901498OSt20260316143908.0210716s2011 xx 000 0 und d a9780340889145 cAIMIT LIBRARY aeng a001.0723034 22bDESV aCampanion to development studies /cEdited by Vandana Desai and Robert B Potter. a2nd ed. aLondon :bHodder & Stoughton ,c2011. axiv,587p. ;bPBc24.9 cm aThe Companion to Development Studies is an essential one-stop reference for anyone with an interest in development studies. Over 100 international experts have been brought together to present a comprehensive overview of the key theoretical and practical issues dominating contemporary development studies. Building on the success of the first edition, the second edition of the Companion has been thoroughly revised and updated and includes new chapters on a range of topics, including ageing, culture and development, corruption and development and global terrorism. Each chapter summarises current debates and provides guidance for further reading and research. The Companion to Development Studies is indispensable for students of development studies at all levels, from undergraduate to postgraduate and beyond, in departments of development studies, geography, politics, international relations, sociology, social anthropology and economics. aTheories and strategies of development9185207 aRural development9185208 aEnvironment and development9185209 aDesai, Vandana., ed.9185210 aPotter, Robert B., ed.9185211 2ddccBKe2ndk001.0723034 DESV c207639d207639 00102ddc40708MBAaAIMITbAIMITd2012-11-13g995.00iBill no:ABK 599; Bill dt:2012-10l0o001.0723034 DESVpMBA10205r2025-07-21 00:00:00v746.25w2021-07-16yBK